000 00544cam a2200205ua 4500
020 _a0-87692-642-1
_c125/-
041 _aeng
_h
082 _a620.1
_bSHA/EN
100 _aShames, Irving H .
245 _aEngineering mechanics, statics and dynamics /
_cIrving H Shames.
_hTextual Documents
250 _a3 /
_b.
260 _aNew Delhi :
_bPrentice Hall of India Pvt Ltd. ,
_c1990.
300 _a896 ; .
365 _a125/-
504 _a
942 _cBK
999 _c2047
_d2047